Flavors of Edy's Ice-Cream Quiz Stats

 Plays Quiz not verified by Sporcle

Score 0/27 Timer 05:00
0 Plays Today
Flavor % Correct
Chocolate
93.3%
Vanilla
93.3%
Strawberry
77.8%
Mint Chocolate Chip
75.6%
Chocolate Chip
73.3%
Cookies n Cream
71.1%
Rocky Road
68.9%
Butter Pecan
64.4%
Cookie Dough
62.2%
French Vanilla
57.8%
Coffee
51.1%
Neapolitan
46.7%
Peanut Butter Cup
42.2%
Vanilla Bean
37.8%
Flavor % Correct
Caramel Delight
24.4%
French Silk
24.4%
Double Fudge Brownie
22.2%
Peppermint
20%
Smores
20%
Pumpkin
17.8%
Fudge Tracks
15.6%
Mud Pie
15.6%
Mocha Almond Fudge
11.1%
Take the Cake
11.1%
Chocolate Fudge Chunk
6.7%
Hot Cocoa
2.2%
Mint Cookies Crunch
2.2%

You're not logged in!

Compare scores with friends on all Sporcle quizzes.
OR
Log In

Show Comments

Extras

Created Nov 7, 2010ReportNominate
Tags:flavor

Top Quizzes Today


Score Distribution

Your Account Isn't Verified!

In order to create a playlist on Sporcle, you need to verify the email address you used during registration. Go to your Sporcle Settings to finish the process.

Report this User

Report this user for behavior that violates our Community Guidelines.

Details: